Normal view
MARC view
Entry Topical Term
001 - CONTROL NUMBER
- control field: 15986
003 - CONTROL NUMBER IDENTIFIER
- control field: OSt
005 - DATE AND TIME OF LATEST TRANSACTION
- control field: 20250405041815.0
008 - FIXED-LENGTH DATA ELEMENTS
- fixed length control field: 250405|| aca||aabn | a|a d
040 ## - CATALOGING SOURCE
- Original cataloging agency: OSt
- Transcribing agency: OSt
150 ## - HEADING--TOPICAL TERM
- Topical term or geographic name entry element: Employability of graduates
670 ## - SOURCE DATA FOUND
- Source citation: Work cat.: (OSt)3977: Javier, Cherie May Y., author. 15521, Employability of the graduates of the Bachelor of Science in Industrial Education (BSIE) and Bachelor of Science in Industrial Technology (BSIT) of Cavite State University-Rosario S.Y. 2001-2002 and 2002-2003, 2006
